[Event "New Delhi Parsvnath blitz op 18th"]
[Site "New Delhi"]
[Date "2020.01.14"]
[Round "7"]
[White "Srikrishnan, P."]
[Black "Raahul, VS."]
[Result "0-1"]
[WhiteElo "1903"]
[BlackElo "2233"]
[PlyCount "134"]
[EventDate "2020.01.14"]
[EventType "swiss (blitz)"]
[EventRounds "9"]
[EventCountry "IND"]
[SourceTitle "CBM 194 Extra"]
[Source "ChessBase"]
[SourceDate "2020.03.31"]
[SourceVersion "1"]
[SourceVersionDate "2020.03.31"]
[SourceQuality "1"]

1. d4 d5 2. c4 c6 3. Nf3 Nf6 4. Nc3 e6 5. Qd3 dxc4 6. Qxc4 b5 7. Qb3 a6 8. g3 c5 9. dxc5 Bxc5 10. Bg2 0-0 11. 0-0 Bb7 12. Bg5 Nbd7 13. Rfd1 Qb6 14. e3 Nd5 15. Nxd5 Bxd5 16. Rxd5 exd5 17. Qxd5 Ra7 18. Rd1 h6 19. Bf4 Nf6 20. Qd3 Be7 21. Ne5 Rd8 22. Qe2 Rc8 23. e4 Bc5 24. Nd3 Bd4 25. e5 Re7 26. Qd2 Nd7 27. Nb4 Nxe5 28. Nd5 Bxf2+ 29. Qxf2 Qxf2+ 30. Kxf2 Ng4+ 31. Kg1 Ree8 32. h3 Ne5 33. Re1 Nd3 34. Rxe8+ Rxe8 35. Bf1 Nxb2 36. Nc7 Re1 37. Kf2 Ra1 38. Nxa6 Nd1+ 39. Kf3 Nc3 40. Bd3 Rxa2 41. Nb4 Rb2 42. Bd6 Rd2 43. Ke3 Rb2 44. Kf3 g6 45. Nc6 Nd1 46. Be5 Rf2+ 47. Ke4 Rh2 48. h4 Nf2+ 49. Kd4 Nxd3 50. Kxd3 Rg2 51. Nd4 b4 52. Kc4 g5 53. hxg5 hxg5 54. Kxb4 Rf2 55. Kc4 Kh7 56. Kd3 Kg6 57. Ke3 Ra2 58. Bd6 f5 59. Bc7 Ra3+ 60. Kf2 Rd3 61. Nf3 Kh5 62. Bb8 Ra3 63. Bd6 Ra2+ 64. Ke3 Kg4 65. Ne5+ Kxg3 66. Nf3+ f4+ 67. Ke4 Re2+ 0-1

[Event "Wch U14"]
[Site "Mumbai"]
[Date "2019.10.04"]
[Round "4"]
[White "Pham, Khoi"]
[Black "Srikrishnan, P."]
[Result "1-0"]
[WhiteElo "2121"]
[BlackElo "1929"]
[PlyCount "64"]
[EventDate "2019.10.02"]
[EventType "swiss"]
[EventRounds "11"]
[EventCountry "IND"]
[SourceTitle "EXT 2020"]
[Source "ChessBase"]
[SourceDate "2019.10.17"]
[SourceVersion "1"]
[SourceVersionDate "2019.10.17"]
[SourceQuality "1"]

1. d4 e6 2. c4 d5 3. Nc3 Nf6 4. cxd5 exd5 5. Bg5 c6 6. Qc2 Be7 7. e3 Nbd7 8. Bd3 Nh5 9. Bxe7 Qxe7 10. 0-0-0 Ndf6 11. h3 g6 12. g4 Ng7 13. Nf3 Be6 14. Kb1 0-0-0 15. Ne5 Nd7 16. Nxd7 Qxd7 17. f3 Kb8 18. Na4 Qe7 19. Rc1 h5 20. Rhe1 hxg4 21. hxg4 Rh3 22. Be2 f5 23. Qb3 fxg4 24. fxg4 Re8 25. Nc5 Bc8 26. Na6+ Ka8 27. Rxc6 bxa6 28. Rec1 Qb7 29. Qxd5 Be6 30. Qg2 Rb8 31. Bxa6 Qd7 32. Bd3 Qb7 1-0

[Event "IND-ch U15"]
[Site "Tiruchengode"]
[Date "2019.07.16"]
[Round "10"]
[White "Srikrishnan, P."]
[Black "Pranesh, M."]
[Result "1/2-1/2"]
[WhiteElo "1990"]
[BlackElo "2343"]
[PlyCount "79"]
[EventDate "2019.07.09"]
[EventType "swiss"]
[EventRounds "11"]
[EventCountry "IND"]
[SourceTitle "EXT 2020"]
[Source "ChessBase"]
[SourceDate "2019.10.17"]
[SourceVersion "1"]
[SourceVersionDate "2019.10.17"]
[SourceQuality "1"]

1. d4 d5 2. c4 Nc6 3. Nf3 Bg4 4. Nc3 e6 5. e3 Nf6 6. Be2 Bb4 7. 0-0 Bxc3 8. bxc3 Ne4 9. Qc2 0-0 10. Ba3 Re8 11. Rfc1 Qf6 12. Rab1 Rab8 13. h3 Bh5 14. cxd5 exd5 15. c4 dxc4 16. Rb5 Qh6 17. Qxc4 Bxf3 18. Bxf3 Nxf2 19. Rc3 Nxh3+ 20. gxh3 Rxe3 21. Qxc6 Re1+ 22. Kh2 Qf4+ 23. Kg2 Qd2+ 24. Kg3 Rg1+ 25. Bg2 Rxg2+ 26. Qxg2 Qxc3+ 27. Qf3 Qxd4 28. Bb2 Qd6+ 29. Be5 Qh6 30. Bf4 Qa6 31. Rb2 Re8 32. Rg2 c5 33. Kh2 Qf6 34. Qg3 c4 35. Bd2 Qg6 36. Qf4 Qe4 37. Qxe4 Rxe4 38. Bc3 g6 39. Rd2 f5 40. Rd8+ 1/2-1/2

[Event "IND-ch U15"]
[Site "Tiruchengode"]
[Date "2019.07.15"]
[Round "9"]
[White "Srikrishnan, P."]
[Black "Aditya, Bikram Paul"]
[Result "1/2-1/2"]
[WhiteElo "1990"]
[BlackElo "1761"]
[PlyCount "60"]
[EventDate "2019.07.09"]
[EventType "swiss"]
[EventRounds "11"]
[EventCountry "IND"]
[SourceTitle "EXT 2020"]
[Source "ChessBase"]
[SourceDate "2019.10.17"]
[SourceVersion "1"]
[SourceVersionDate "2019.10.17"]
[SourceQuality "1"]

1. d4 Nf6 2. c4 e6 3. Nf3 Bb4+ 4. Bd2 c5 5. Bxb4 cxb4 6. g3 b6 7. Bg2 Bb7 8. 0-0 0-0 9. a3 Nc6 10. d5 Na5 11. Ne5 exd5 12. axb4 Nc6 13. Bxd5 Nxd5 14. Qxd5 Qe7 15. Nxc6 dxc6 16. Qd2 Rfd8 17. Qf4 c5 18. bxc5 Qxc5 19. Nc3 Rd4 20. Qe3 Rxc4 21. Qxc5 Rxc5 22. Rfd1 a5 23. Rd6 Bc6 24. Na4 Bxa4 25. Rxa4 Rb5 26. b4 g6 27. bxa5 bxa5 28. Rd3 Ra7 29. Rda3 Ra6 30. Kg2 Kg7 1/2-1/2

[Event "IND-ch U15"]
[Site "Tiruchengode"]
[Date "2019.07.14"]
[Round "8"]
[White "Anadkat, Kartavya"]
[Black "Srikrishnan, P."]
[Result "1/2-1/2"]
[WhiteElo "1941"]
[BlackElo "1990"]
[PlyCount "123"]
[EventDate "2019.07.09"]
[EventType "swiss"]
[EventRounds "11"]
[EventCountry "IND"]
[SourceTitle "EXT 2020"]
[Source "ChessBase"]
[SourceDate "2019.10.17"]
[SourceVersion "1"]
[SourceVersionDate "2019.10.17"]
[SourceQuality "1"]

1. e4 e6 2. d3 d5 3. Nd2 c5 4. Ngf3 Nc6 5. g3 Nf6 6. Bg2 Be7 7. 0-0 0-0 8. Re1 dxe4 9. dxe4 e5 10. c3 Be6 11. Qe2 Qc7 12. Nf1 Rfd8 13. Ng5 Bg4 14. Qc4 Bf8 15. Ne3 Na5 16. Qf1 h6 17. Nxg4 Nxg4 18. Nf3 c4 19. h3 Nf6 20. Qe2 Nd7 21. Nd2 Nc5 22. Nf1 Nd3 23. Rd1 b5 24. Ne3 Rab8 25. Nd5 Qb7 26. b4 Nc6 27. Be3 a5 28. a3 Ra8 29. f4 axb4 30. axb4 Rxa1 31. Rxa1 Ra8 32. Qd1 exf4 33. gxf4 Ra6 34. e5 Qa8 35. Rxa6 Qxa6 36. Qg4 Ne7 37. Nf6+ Kh8 38. Nd7 Ng6 39. Nxf8 Nxf8 40. Kh2 Qa1 41. f5 Nxe5 42. Qd4 Nfd7 43. f6 gxf6 44. Bxh6 Qb2 45. Qd2 Qxd2 46. Bxd2 Kg7 47. Kg3 Kg6 48. Be4+ f5 49. Bb7 Nf6 50. Kf4 Nd3+ 51. Kf3 Ne8 52. Ke3 Nd6 53. Bf3 f4+ 54. Kd4 Nf5+ 55. Kd5 Nh4 56. Be4+ f5 57. Bxd3 cxd3 58. Bxf4 Nf3 59. c4 d2 60. Bxd2 Nxd2 61. cxb5 f4 62. Kd4 1/2-1/2

[Event "IND-ch U15"]
[Site "Tiruchengode"]
[Date "2019.07.11"]
[Round "4"]
[White "Rohit, Krishna S"]
[Black "Srikrishnan, P."]
[Result "1-0"]
[WhiteElo "2312"]
[BlackElo "1990"]
[PlyCount "207"]
[EventDate "2019.07.09"]
[EventType "swiss"]
[EventRounds "11"]
[EventCountry "IND"]
[SourceTitle "EXT 2020"]
[Source "ChessBase"]
[SourceDate "2019.10.17"]
[SourceVersion "1"]
[SourceVersionDate "2019.10.17"]
[SourceQuality "1"]

1. Nf3 Nf6 2. g3 b5 3. Bg2 Bb7 4. 0-0 e6 5. b3 Be7 6. Bb2 0-0 7. d4 c5 8. Nbd2 cxd4 9. Bxd4 Nc6 10. Bb2 d5 11. c4 bxc4 12. bxc4 dxc4 13. Nxc4 Qc7 14. Rc1 Rac8 15. Qa4 Qb8 16. Ba1 Qa8 17. Bxf6 gxf6 18. Ne3 Kh8 19. Rfd1 Rfd8 20. Qh4 Rxd1+ 21. Rxd1 Rd8 22. Rb1 Rd7 23. Qh5 Qg8 24. Qb5 Qc8 25. Rc1 Rc7 26. Qc4 Bd8 27. Rd1 Ne5 28. Nxe5 Rxc4 29. Bxb7 Qxb7 30. Rxd8+ Kg7 31. N5xc4 Qb1+ 32. Kg2 Qxa2 33. Rd2 Qa1 34. Rd3 Qb1 35. Ra3 Qb7+ 36. f3 Qd7 37. Kf2 Qd4 38. Ke1 Qc5 39. Ra5 Qd4 40. Kf2 Kg8 41. Rb5 Kg7 42. Rb3 Qc5 43. Rd3 Kg8 44. Rd7 a6 45. Rd6 Qa7 46. Ke1 a5 47. Rd3 Qc5 48. Kd2 Qb4+ 49. Rc3 a4 50. g4 a3 51. Nxa3 Qd6+ 52. Rd3 Qxh2 53. Nac4 Qb8 54. Kc3 Qb1 55. Nc2 Qb8 56. Nb4 Qh2 57. Rd2 Qc7 58. Na6 Qh2 59. Nc5 h5 60. gxh5 Qxh5 61. Ne4 Qg6 62. Rd8+ Kh7 63. Rd7 f5 64. Rxf7+ Kh8 65. Ned6 Qg1 66. Rb7 Qe1+ 67. Kd3 Qd1+ 68. Nd2 Qa1 69. N6c4 Qa8 70. Rd7 Qc6 71. Rd6 Qc5 72. f4 Kg8 73. Rd7 Qc6 74. Ne5 Qb5+ 75. Ndc4 Qb3+ 76. Kd2 Qa2+ 77. Ke3 Qb3+ 78. Kf2 Qh3 79. Nd2 Qh2+ 80. Ke3 Qg1+ 81. Kd3 Qb6 82. Ndf3 Qb3+ 83. Kd4 Qd1+ 84. Ke3 Qc1+ 85. Rd2 Qc5+ 86. Nd4 Qc3+ 87. Rd3 Qc1+ 88. Kf3 Qf1+ 89. Kg3 Qg1+ 90. Kh4 Kf8 91. Nxe6+ Ke7 92. Ng7 Kf6 93. Nh5+ Ke6 94. Rg3 Qh2+ 95. Kg5 Qxe2 96. Ng7+ Kd5 97. Nxf5 Qe1 98. Rd3+ Kc5 99. Kf6 Qh1 100. Ke6 Qh5 101. Rc3+ Kb4 102. Rc4+ Kb5 103. Nd6+ Kb6 104. Nd7+ 1-0

[Event "IND-ch U13"]
[Site "Ahmedabad"]
[Date "2018.06.15"]
[Round "3"]
[White "Srikrishnan, P."]
[Black "Pranav, Anand"]
[Result "1/2-1/2"]
[WhiteElo "1667"]
[BlackElo "2336"]
[PlyCount "111"]
[EventDate "2018.06.14"]
[EventType "swiss"]
[EventRounds "11"]
[EventCountry "IND"]
[SourceTitle "EXT 2019"]
[Source "ChessBase"]
[SourceDate "2018.10.10"]
[SourceVersion "1"]
[SourceVersionDate "2018.10.10"]
[SourceQuality "1"]

1. d4 Nf6 2. c4 e6 3. Nf3 d5 4. Bg5 Be7 5. e3 Nbd7 6. Nc3 0-0 7. Rc1 c6 8. cxd5 exd5 9. Bd3 h6 10. Bh4 Ne4 11. Bxe7 Qxe7 12. 0-0 f5 13. Qc2 Rf6 14. Rb1 b6 15. b4 Bb7 16. Rfd1 Rc8 17. Qb3 Kh8 18. Rbc1 b5 19. a4 a6 20. a5 Re8 21. Bxe4 fxe4 22. Nd2 Ref8 23. Rf1 Rg6 24. Ne2 Qg5 25. g3 Rgf6 26. Qd1 Qg4 27. Nf4 Qxd1 28. Rcxd1 g5 29. Ne2 Bc8 30. Kg2 R8f7 31. Nb3 Nf8 32. h3 h5 33. Ng1 Ne6 34. Nc5 Ng7 35. Rc1 Nf5 36. Ne2 Nd6 37. Nc3 Nc4 38. Nd1 Kg7 39. Rc2 Rf3 40. Re1 Kf8 41. Ree2 Ke7 42. Re1 Kd6 43. Ree2 Kc7 44. Re1 Nd6 45. Ree2 Ne8 46. Re1 h4 47. g4 Rf8 48. Kh2 R3f7 49. Rg1 Nd6 50. Rg2 Rf3 51. Rg1 Nc4 52. Rg2 Kb8 53. Rg1 Ka7 54. Rg2 Na3 55. Ra2 Nc4 56. Rc2 1/2-1/2